000 00557 a2200193 4500
005 20260213164153.0
008 250829b |||||||| |||| 00| 0 eng d
020 _a9788126939787
_cRs. 1395.00
040 _aMAIN
082 _a320.9540533
_bP88M
100 _aPrabhu, Nagesh
245 _aMiddle class, media and Modi: The making of a new electoral politics
260 _bAtlantic Publishers and Distributors
_c2020
_aNew Delhi
300 _axxxiii, 374
650 _aPolitical Science
650 _aCaste
650 _aMiddle Class
942 _cBK
999 _c393496
_d393496